| 000 | 01001nam a22003371 4500 | ||
|---|---|---|---|
| 001 | 01566 | ||
| 003 | DO-SdBNP | ||
| 005 | 20180124150305.0 | ||
| 007 | 01566 | ||
| 008 | 000401s1969 sp spa | ||
| 016 | 7 |
_a _z _2BPMSU |
|
| 017 |
_a _b |
||
| 035 | _a | ||
| 040 |
_aBPMSU _bspa _cBPMSU |
||
| 080 | 0 | _a | |
| 082 |
_a843.8 _bV531e |
||
| 100 | 1 |
_aVerne, Jules, _d1828-1905. |
|
| 240 | 1 | 2 |
_aL'école des Robinsons _lEspañol |
| 245 | 1 | 0 |
_aEscuela de Robinsones / _h _cJulio Verne ; traducción de Luis Alba de la Cuesta ; prólogo de Ignacio Aldecoa |
| 260 |
_a[Madrid] : _bSalvat, _c1969 |
||
| 300 |
_a188 p., 1 h. _c19 cm |
||
| 490 | 0 |
_aLibros "RTV" _v19 |
|
| 650 | 4 | _aNOVELA JUVENIL FRANCESA | |
| 650 | 4 | _aLITERATURA JUVENIL FRANCESA | |
| 700 | 1 | 2 |
_aAldecoa, Ignacio, _d1925-1969 _epról. |
| 700 | 1 | _aAlba de la Cuesta, Luis | |
| 830 | 0 |
_pLibro RTV 19 _v19 |
|
| 942 |
_2ddc _cBK |
||
| 945 | _aInventariado, 2018 /LP | ||
| 956 |
_aVMATEO _b10 _c20160713 _dBPMSU _f00069 |
||
| 999 |
_c10860 _d10860 |
||